Aspectos institucionales y jurídicos del medio ambiente, incluida la participación de las organizaciones no gubernamentales en la gestión ambiental

Gardado en:
Detalles Bibliográficos
Autor Principal: Brañes Ballesteros, Raúl (Author)
Autor Corporativo: Banco Interamericano de Desarrollo. Comité del Medio Ambiente (Author)
Formato: Libro
Idioma:Lingua castelá
Publicado: Washington, D.C BID 1991
Subjects:
Tags: Engadir etiqueta
Sen Etiquetas, Sexa o primeiro en etiquetar este rexistro!

MARC

LEADER 00000nam a2200000 a 4500
001 UCV2270
003 CL-VaPUC
008 920410e19910000US |||||||||||||||||spa|d
082 0 4 |a 333.72  |b BRA  |2 21 
100 0 |a Brañes Ballesteros, Raúl  |e author  |9 296544 
110 2 |a Banco Interamericano de Desarrollo. Comité del Medio Ambiente  |e author  |9 296545 
245 1 0 |a Aspectos institucionales y jurídicos del medio ambiente, incluida la participación de las organizaciones no gubernamentales en la gestión ambiental 
300 |a 142 p 
942 |c BK 
945 |d 19920410 00:00:00 
260 |a Washington, D.C  |b BID  |c 1991 
650 0 |a Medio ambiente  |9 257625 
650 0 |a Protección del medio ambiente  |9 257626 
651 0 |a América Latina   |9 255027 
651 7 |a ISLAS CARIBES  |2 CL-VaPUC  |9 255533 
583 |a last modification  |c 19920410 00:00:00  |k Rodrigo Vera 
999 |c 209912  |d 209910 
952 |0 0  |1 0  |4 0  |6 333_720000000000000_BRA_1991  |7 0  |8 A  |9 185801  |a BIBDER  |b BIBDER  |d 2019-11-14  |i 253228K  |l 1  |m 4  |o 333.72 BRA 1991  |p 253228K  |r 2023-04-17  |s 2023-03-13  |w 2019-11-14  |y BK  |k DER